000 00792nam a2200253Ia 4500
003 OSt
005 20221005104530.0
006 a|||||r|||| 00| 0
007 ta
008 221004b |||||||| |||| 00| 0 hin d
024 _a109345
037 _cTextual
040 _aCRL
_cCRL
_bhin
041 _2hin
_ahin
082 _aO41,3N06x, 152K9
100 _aतइन - यी, चॉंग
245 0 _aजंगली - मंगली
246 _aJangalī - mangalī
260 _aदिल्ली
_bराजकमल प्रकाशन भारत
_c1969
300 _a141पृ0
_ccm.
650 _aहिन्दी साहित्य
942 _hO41,3N06x, 152K9
_cTEXL
_2cc
999 _c1013007
_d1013007